Ostland-Darstellungen

Titel: Ostland-Darstellungen / hrsg. vom Ostland-Institut in Danzig
Körperschaft:
Veröffentlicht: Danzig : Danziger Verl.-Ges.
Format: Mehrteiliges Werk
Sprache: Deutsch
Bände: alle Bände anzeigen
Kein Bild verfügbar
X
alg: 389180
001A    $06050:12-09-85 
001B    $01999:18-11-16 $t16:19:23.000 
001D    $03004:27-07-05 
001U    $0utf8 
001X    $00 
002@    $0Acu 
003@    $0003891801 
003O    $0174065986 $aOCoLC 
007T    $0Herdhh003891801 
010@    $ager 
015@    $00 
021A    $aOstland-Darstellungen $hhrsg. vom Ostland-Institut in Danzig 
029F    $762462-7 $8Ostland-Institut$gDanzig [Tb1] $9040490920 
033A    $pDanzig $nDanziger Verl.-Ges. 

lok: 389180 24

exp: 389180 24 1 #EPN
201B/01 $005-10-04 $t20:48:07.000 
203@/01 $022028699X 
208@/01 $a05-10-04 $bdummy 
201U/01 $0utf8 

lok: 389180 78

exp: 389180 78 1 #EPN
201B/01 $019-04-17 $t14:10:05.000 
201U/01 $0utf8 
203@/01 $0790881969 
208@/01 $a12-11-16 $be 
220C/01 $aAnmerkung: *kko 
247C/01 $82080>Marburg/Lahn, Herder-Institut, Forschungsbibliothek, Bibliographieportal $9336309341 

lok: 389180 204

exp: 389180 204 1 #EPN
201B/01 $025-08-11 $t22:35:11.000 
203@/01 $0628691513 
208@/01 $a25-08-11 $bdummy 
201U/01 $0utf8 

lok: 389180 205

exp: 389180 205 1 #EPN
201B/01 $024-06-00 $t00:10:45.771 
203@/01 $0144093944 
208@/01 $a24-06-00 $bdummy 
201U/01 $0utf8
LEADER 00000cam a2200000 ca4500
001 003891801
003 DE-603
005 20161118161923.0
007 tu
008 850912s xx |||| | u00||u|ger c
035 |a (DE-599)HEB003891801 
035 |a (OCoLC)174065986 
040 |a DE-603  |b ger  |c DE-603  |d DE-603 
041 |a ger 
245 0 0 |a Ostland-Darstellungen  |c hrsg. vom Ostland-Institut in Danzig 
264 1 |a Danzig  |b Danziger Verl.-Ges. 
710 2 |a Ostland-Institut  |g Danzig  |0 (DE-603)040490920  |0 (DE-588)62462-7  |2 gnd 
924 0 |9 603  |a (DE-603)22028699X  |b DE-603  |c HES  |d d 
924 0 |9 2080  |a (DE-603)790881969  |b DE-2080  |c HES  |d d 
924 0 |9 603  |a (DE-603)628691513  |b DE-603  |c HES  |d d 
924 0 |9 603  |a (DE-603)144093944  |b DE-603  |c HES  |d d